[Event "St Martin op"]
[Site "St Martin"]
[Date "1993.??.??"]
[Round "9"]
[White "Wojtkiewicz, Aleksander"]
[Black "Vucic, Mladen"]
[Result "1-0"]
[WhiteElo "2580"]
[BlackElo "2385"]

1.Nf3 d5 2.c4 c6 3.d4 Nf6 4.Nc3 g6 5.cxd5 cxd5 6.Bf4 Bg7 7.e3 O-O 8.Be2 Nc6
9.h3 Bf5 10.O-O Ne4 11.Rc1 Rc8 12.Qa4 Qd7 13.Rfd1 a6 14.Qa3 Nxc3 15.bxc3 h6
16.c4 dxc4 17.Bxc4 g5 18.Bg3 Be4 19.Nd2 Bd5 20.Bxd5 Qxd5 21.Rc5 Qd8 22.Rdc1 Re8
23.Qb3 Qd7 24.Nc4 Nxd4 25.exd4 Qxd4 26.Ne5  1-0

[Event "St Petersburg op"]
[Site "St Petersburg"]
[Date "1993.??.??"]
[Round "?"]
[White "Tregubov, Pavel V"]
[Black "Monin, Nikolay"]
[Result "1-0"]
[WhiteElo "2475"]
[BlackElo "2400"]

1.Nf3 d5 2.c4 e6 3.g3 Nf6 4.Bg2 dxc4 5.Qa4+ Nbd7 6.Qxc4 c5 7.d3 b6 8.Nd4 Ne5
9.Nc6 Nxc6 10.Bxc6+ Bd7 11.Bxa8 Qxa8 12.f3 b5 13.Qc2 Be7 14.e4 O-O 15.Be3 Rc8
16.Nd2 e5 17.O-O Qc6 18.a4 bxa4 19.Nc4 Qe6 20.Qc3 Bb5 21.Nxe5 Bd6 22.Nc4 Bb8
23.Rac1 h5 24.Qd2 h4 25.g4 h3 26.Bf4 Rd8 27.Be3 Nxg4 28.Kh1 Ne5 29.Qa5 Qe8
30.Nxe5 Bxe5 31.Rxc5 Rb8 32.Qd2 Rd8 33.Qa5 Rb8 34.Rf2 Bd6 35.Rd5 Bf8 36.Bf4 Qc6
37.Qc3 Rc8 38.Rxb5 Qxb5 39.Qxc8 Qxd3 40.Qc2  1-0

[Event "St Petersburg op"]
[Site "St Petersburg"]
[Date "1993.??.??"]
[Round "?"]
[White "Kruppa, Yuri"]
[Black "Ivanov, Sergey"]
[Result "1/2-1/2"]
[WhiteElo "2485"]
[BlackElo "2505"]

1.Nf3 d5 2.c4 d4 3.g3 Nc6 4.Bg2 e5 5.O-O Nf6 6.d3 Nd7 7.e3 Be7 8.exd4 exd4
9.Na3 Nc5 10.Nc2 a5 11.b3 Bf5 12.Ba3 O-O 13.Re1 Nxd3 14.Bxe7 Nxe7 15.Rf1 c5
16.Nh4 Ne5 17.Nxf5 Nxf5 18.Bxb7 Rb8 19.Be4 Qf6 20.Ne1 Nd6 21.Bd5 Qf5 22.Ng2 Rfe8
23.Nf4 Ne4 24.Bxe4 Qxe4 25.f3 Qe3+ 26.Kg2 d3 27.Qe1 Qd4 28.Qf2 Qxf2+ 29.Kxf2 a4
30.Rfe1 axb3 31.axb3 Kf8 32.Rxe5 Rxe5 33.Nxd3 Rh5 34.g4 Rxh2+ 35.Kg3 Rd2
36.Nxc5 Rc8 37.Ra5 Rb2 38.Rb5 g5 39.Ne4 h6 40.Rb6 Rxc4 41.Rxh6 Rb4 42.Nxg5 Kg7
43.Rc6 R2xb3 44.Rc7 Rb7 45.Rxb7 Rxb7 46.Kf4 Kf6 47.Ne4+ Ke7 48.Kf5 Rb5+ 49.Kf4 Rb3
50.Ng5 Ra3 51.Ne4 Ra5 52.Ng5 f6 53.Ne4 Ke6 54.Ng3 Ra4+ 55.Ne4 Rb4 56.Kg3 Ke5
57.Nc5 Rd4 58.Ne4 Rd1 59.Nf2 Rd2 60.Ne4 Rd8 61.Nc5 Rg8 62.Nd7+ Ke6 63.Nc5+ Kd6
64.Nd3  1/2-1/2

[Event "St Petersburg zt"]
[Site "St Petersburg"]
[Date "1993.??.??"]
[Round "7"]
[White "Budnikov, Alexandar"]
[Black "Tregubov, Pavel V"]
[Result "0-1"]
[WhiteElo "2520"]
[BlackElo "2445"]

1.Nf3 d5 2.c4 c6 3.b3 Bg4 4.Bb2 Nd7 5.d4 e6 6.Nbd2 Ngf6 7.e3 Ne4 8.Be2 Bb4
9.O-O Nc3 10.Bxc3 Bxc3 11.Rc1 Bb4 12.Ne1 Bf5 13.Bd3 Bg6 14.Qe2 Nf6 15.f3 Bd6
16.f4 O-O 17.Bxg6 hxg6 18.Nef3 Qa5 19.c5 Be7 20.Rc2 b6 21.Ne5 Rfc8 22.b4 Qxb4
23.cxb6 axb6 24.Rxc6 Qa4 25.Rxb6 Rc2 26.Rb7 Bb4 27.Nxf7 Rxd2 28.Qf3 Qc6 29.Rxb4 Kxf7
30.Rfb1 Raxa2 31.Rb7+ Kg8 32.Rb8+ Kh7  0-1

[Event "SWZ-chT"]
[Site "?"]
[Date "1993.??.??"]
[Round "?"]
[White "Cvitan, Ognjen"]
[Black "Schmidt Schaeffer, Sebastian"]
[Result "1-0"]
[WhiteElo "2575"]
[BlackElo "2275"]

1.Nf3 d5 2.c4 e6 3.d4 Nf6 4.Nc3 Be7 5.Bg5 O-O 6.e3 h6 7.Bxf6 Bxf6 8.Rc1 c6
9.Bd3 b6 10.O-O Bb7 11.Qe2 a6 12.Rfd1 Nd7 13.cxd5 cxd5 14.Na4 Qb8 15.Rc2 Rc8
16.Rdc1 Rxc2 17.Qxc2 Bd8 18.Qb3 Qd6 19.Ne5 Nf8 20.a3 f6 21.Ng6 Nd7 22.h4 Rc8
23.Rxc8 Bxc8 24.Nc3 Bb7 25.Bb1 Kf7 26.Qc2 f5 27.h5 Nf6 28.Ne2 Nxh5 29.Ne5+ Kg8
30.g4 Nf6 31.gxf5 Qc7 32.fxe6 Qxc2 33.Bxc2 Bc7 34.Bg6 Kf8 35.Ng3 Bxe5 36.dxe5 Ng8
37.Ne2 Ne7 38.Bh5 g6 39.Bg4 Nc6 40.f4 Ke7 41.Nd4 Na5 42.b3 Nc6 43.Kf2 Nxd4
44.exd4 Bc6 45.b4 a5 46.bxa5 bxa5 47.Kg3 Bb5 48.f5 gxf5 49.Bxf5 Bc6 50.Kh4 Be8
51.Kg4 Kd8 52.Bh7 Ke7 53.Bg8 Bg6 54.Bf7 Bc2 55.Kh5 Bd1+ 56.Kxh6 Ba4 57.Kg5 Bb3
58.Kf4 Ba4 59.Bh5 Bb5 60.Bg4 Ba6 61.Ke3 Bb5 62.Kd2 Bc6 63.Bf3 Bb7 64.Kc3 Bc6
65.Kb3 Kxe6 66.Bg4+ Kf7 67.Bc8  1-0

[Event "SWZ-chT"]
[Site "?"]
[Date "1993.??.??"]
[Round "?"]
[White "Goldstern, Flip"]
[Black "Ruefenacht, Matthias"]
[Result "1/2-1/2"]
[WhiteElo "2330"]
[BlackElo "2360"]

1.Nf3 d5 2.c4 e6 3.d4 Nf6 4.Nc3 Bb4 5.cxd5 exd5 6.Bg5 Nbd7 7.Rc1 c5 8.dxc5 Qa5
9.Bd2 Bxc5 10.e3 Qd8 11.Qb3 Qb6 12.Nxd5 Nxd5 13.Qxd5 O-O 14.Bd3 Qd6 15.Qxd6 Bxd6
16.Ke2 Nc5 17.Bc4 Na4 18.Bc3 Nxc3+ 19.Rxc3 Bg4 20.h3 Bxf3+ 21.Kxf3 Rac8 22.Rhc1 Be5
23.R3c2 Rcd8 24.b4 g6 25.h4 Kg7 26.Bb3 Rd7 27.Rc5 Kf6 28.g4 Bd6 29.Rd5 Rdd8
30.Rb5 b6 31.a4 Rc8 32.Rd1 Rfd8 33.Rbd5 Ke7 34.R5d4 f6 35.Bg8 Rxg8 36.Rxd6 Rc7
37.R6d4 Rgc8 38.Re4+ Kf7 39.Rd6 Re7 40.Rf4 Re6 41.Rd7+ Re7 42.Rd6 Re6 43.Rd5 Rcc6
44.Rd8 Red6 45.Rh8 Kg7 46.Ra8 Rc7 47.Rd4 Rdc6 48.Rad8 Kf7 49.g5 f5 50.Kf4 Re7
51.R8d7 Rc2 52.f3 Rc3 53.e4 fxe4 54.Rxe7+ Kxe7 55.Kxe4 Ke6 56.h5 gxh5 57.f4 h4
58.f5+ Ke7 59.Ke5 Re3+ 60.Re4 Rh3 61.Rc4 Re3+ 62.Kf4 Rb3 63.Rc7+ Kd6 64.Rxh7 Rxb4+
65.Kf3 Ke5 66.f6 Rf4+ 67.Ke3 Re4+ 68.Kf3 Rf4+ 69.Ke3 Re4+ 70.Kd3 Rd4+ 71.Kc3 Rd8
72.Rxh4 Kf5 73.Rd4 Rc8+ 74.Rc4 Ra8 75.f7 Kxg5 76.Rc7 a6 77.Rc6 b5 78.Rxa6 Rc8+
79.Kb4 bxa4 80.Re6 Rf8 81.Kxa4  1/2-1/2

[Event "SWZ-chT"]
[Site "?"]
[Date "1993.??.??"]
[Round "?"]
[White "Cvitan, Ognjen"]
[Black "Landenbergue, Claude"]
[Result "1-0"]
[WhiteElo "2575"]
[BlackElo "2385"]

1.Nf3 d5 2.c4 d4 3.g3 c5 4.Bg2 Nc6 5.d3 e5 6.O-O Nf6 7.e3 dxe3 8.Bxe3 h6
9.Nc3 Be7 10.Re1 O-O 11.Qb3 Rb8 12.Rad1 Bg4 13.h3 Be6 14.Qa4 Qc8 15.Kh2 Rd8
16.Bc1 Nd7 17.a3 a6 18.Nd5 Bd6 19.Ne3 Nf6 20.Rd2 Qc7 21.Qd1 b5 22.b3 e4 23.Nh4 exd3
24.Nd5 Bxd5 25.cxd5 Ne5 26.f4 c4 27.fxe5 Bxe5 28.Nf5 h5 29.Bb2 Bxb2 30.Rxb2 h4
31.Qc1 hxg3+ 32.Kh1 Re8 33.Rf1 Qc5 34.bxc4 bxc4 35.Rxb8 Rxb8 36.Qg5 Nd7 37.Ne7+  1-0

[Event "Szombathely"]
[Site "Szombathely"]
[Date "1993.??.??"]
[Round "2"]
[White "Plesec, Damjan"]
[Black "Tomcsanyi, Peter"]
[Result "1-0"]
[WhiteElo "2375"]
[BlackElo "2275"]

1.Nf3 d5 2.c4 c6 3.cxd5 cxd5 4.d4 Nc6 5.Nc3 Nf6 6.Bf4 Bf5 7.e3 e6 8.Bb5 Nd7
9.Qa4 Rc8 10.O-O a6 11.Bxc6 Rxc6 12.Rfc1 Be7 13.Ne2 Qb6 14.Rxc6 bxc6 15.Qb3 O-O
16.Qxb6 Nxb6 17.Ne5 Rc8 18.g4 Bg6 19.Rc1 c5 20.Nxg6 hxg6 21.dxc5 Rxc5 22.Rxc5 Bxc5
23.b3 Nd7 24.Bc7 Nf6 25.h3 Ne4 26.Ba5 Kf8 27.Kg2 Ke7 28.Nf4 Kd7 29.Nd3 Bd6
30.f3 Nc5 31.Nxc5+ Bxc5 32.Kf2 e5 33.Bc3 f6 34.Ke2 e4 35.f4 Ke6 36.b4 Ba7
37.Kd2 Bb6 38.h4 Ba7 39.a4 Bb6 40.a5 Ba7 41.h5 gxh5 42.gxh5 Kf5 43.b5 axb5
44.a6 b4 45.Bd4 Bxd4 46.exd4 b3 47.a7 e3+ 48.Kxe3  1-0

[Event "EU-ch U16"]
[Site "Szombathely"]
[Date "1993.??.??"]
[Round "3"]
[White "Kempinski, Robert"]
[Black "Drenchev, Petar"]
[Result "1-0"]
[WhiteElo "2340"]
[BlackElo "2210"]

1.Nf3 d5 2.c4 e6 3.e3 Nf6 4.Nc3 Be7 5.d4 O-O 6.Be2 dxc4 7.Bxc4 a6 8.O-O c5
9.Qe2 b5 10.Bb3 Bb7 11.Rd1 Nbd7 12.e4 cxd4 13.Nxd4 b4 14.e5 bxc3 15.exf6 Bxf6
16.Nxe6 Qe7 17.bxc3 Bxc3 18.Bg5 Nf6 19.Rac1 Rfc8 20.Nd4 Qe4 21.Qxe4 Nxe4
22.Be3 Nd6 23.Bf4 Nb5 24.Nxb5 axb5 25.Rd7 Be4 26.Rxf7 Kh8 27.Re7 Bf5 28.Bd5 Ra4  1-0

[Event "Tel Aviv"]
[Site "Tel Aviv"]
[Date "1993.??.??"]
[Round "?"]
[White "Teplitsky, Yan"]
[Black "Timanin, Boris"]
[Result "1/2-1/2"]
[WhiteElo "2375"]
[BlackElo "2355"]

1.Nf3 d5 2.c4 c6 3.e3 Nf6 4.Nc3 g6 5.d4 Bg7 6.Be2 O-O 7.O-O Bg4 8.cxd5 cxd5
9.Qb3 b6 10.h3 Bxf3 11.Bxf3 e6 12.Bd2 Nc6 13.Be2 a6 14.Rfc1 Qd6 15.Qa3 Qxa3
16.bxa3 Rfc8 17.Na4 Nd7 18.Rc3 b5 19.Rac1 Na7 20.Rc7 bxa4 21.Rxd7 Rxc1+ 22.Bxc1 Nb5
23.Bxb5 axb5 24.Bd2 Bf8 25.Rb7 Bxa3 26.Rxb5 Rc8 27.Bb4 Rc1+ 28.Kh2 Bxb4 29.Rxb4 Rc2
30.Rxa4 Rxf2 31.Kg3 Rc2 32.h4 h5 33.Kf3 Kg7 34.Ra6 Kf6 35.Ra7 Rd2 36.a4 Ra2  1/2-1/2

[Event "Tel Aviv ASA"]
[Site "Tel Aviv"]
[Date "1993.??.??"]
[Round "3"]
[White "Shrentzel, Mordechai"]
[Black "Penzias, Mordechai"]
[Result "1/2-1/2"]
[WhiteElo "2300"]
[BlackElo "2210"]

1.Nf3 d5 2.c4 e6 3.g3 Nf6 4.Bg2 dxc4 5.Qa4+ Nbd7 6.O-O c5 7.Qxc4 a6 8.a4 b5
9.Qc2 Bb7 10.axb5 axb5 11.Rxa8 Qxa8 12.Na3 Qa6 13.d3  1/2-1/2

[Event "Ticino op"]
[Site "Ticino"]
[Date "1993.??.??"]
[Round "4"]
[White "Fioramonti, Hung"]
[Black "Legky, Nikolay A"]
[Result "0-1"]
[WhiteElo "2385"]
[BlackElo "2490"]

1.Nf3 d5 2.c4 e6 3.g3 Be7 4.Bg2 c5 5.cxd5 exd5 6.d4 Nf6 7.Nc3 Nc6 8.O-O O-O
9.Bg5 c4 10.Ne5 Be6 11.f4 Ng4 12.Bxe7 Nxe7 13.Qd2 Nf6 14.h3 h5 15.Kh2 Bf5
16.e3 Qc8 17.Rg1 Qe6 18.Qe2 g6 19.Rge1 Rac8 20.Nf3 Bd3 21.Ng5 Qd7 22.Qf2 Kg7
23.e4 Nxe4 24.Ncxe4 dxe4 25.Bxe4 Nf5 26.Bg2 Nxd4 27.Rad1 Rcd8 28.b3 b5 29.bxc4 bxc4
30.Be4 Bxe4 31.Nxe4 Qd5 32.Qb2 Rfe8 33.Nc3 Nf3+ 34.Kh1 Rxe1+ 35.Rxe1 Qd2
36.Qxd2 Rxd2 37.Re2 Rxe2 38.Nxe2 Nd2 39.Kg2 f5 40.Kf2 Ne4+ 41.Ke3 Kf6 42.Kd4 c3
43.Nxc3 Nxg3 44.a4 a5 45.Kd5 g5 46.fxg5+ Kxg5 47.Kc6 Ne4 48.Nd5 f4 49.Kb5 f3
50.Kxa5 f2 51.Ne3 Nd2 52.Kb4 Kf4  0-1

[Event "Tilburg"]
[Site "Tilburg"]
[Date "1993.??.??"]
[Round "1"]
[White "Malaniuk, Vladimir P"]
[Black "Smagin, Sergey"]
[Result "1/2-1/2"]
[WhiteElo "2635"]
[BlackElo "2550"]

1.Nf3 d5 2.c4 e6 3.e3 Nf6 4.b3 b6 5.Bb2 Bb7 6.Nc3 Nbd7 7.d4 Ne4 8.Nxe4 dxe4
9.Nd2 Be7 10.g3 O-O 11.Bg2 f5 12.O-O Qe8 13.f3 exf3 14.Bxf3 Bxf3 15.Qxf3 Rd8
16.e4 Bg5 17.Rad1 Nf6 18.exf5 exf5 19.Rde1 Qg6 20.Qd3 Ng4 21.h3 Nf6 22.Rf3 Rde8
23.Rxe8 Rxe8 24.Nf1 Ne4 25.d5 h5 26.Kh1 f4 27.Bd4 fxg3 28.Nxg3 Bf6 29.Nxe4 Rxe4
30.Re3 Rxe3 31.Qxg6 Bxd4 32.Qxh5 Bc5 33.Kg2 a5 34.Qg5 Re7 35.Kf3 Kf8 36.Qc1 Rf7+
37.Ke4 Bd6 38.Qg1 Ke8 39.Qg4 Kd8 40.Kd3 Re7 41.h4 Rf7 42.h5 Re7 43.Kc2 Ba3
44.Qf5 Re2+ 45.Kd3 Re7 46.Qf8+ Kd7 47.Qa8 Bd6 48.Qc6+ Kd8 49.Qa8+ Kd7 50.Qc6+ Kd8
51.Qa4 Re5 52.a3 Rxh5 53.b4 Rh4 54.Qb5 axb4 55.axb4 Rh3+ 56.Kc2 Rh2+ 57.Kb3 Rh3+  1/2-1/2

[Event "DEN-ch"]
[Site "Tonder"]
[Date "1993.??.??"]
[Round "1"]
[White "Danielsen, Henrik"]
[Black "Hansen, Lars Bo"]
[Result "1/2-1/2"]
[WhiteElo "2445"]
[BlackElo "2545"]

1.Nf3 d5 2.c4 e6 3.d4 c6 4.e3 f5 5.Bd3 Nf6 6.O-O Bd6 7.b3 Qe7 8.Bb2 O-O 9.Qc1 b6
10.Ne5 Bb7 11.cxd5 Bxe5 12.dxe5 Nxd5 13.Nc3 Nxc3 14.Qxc3 c5 15.f3 Nc6 16.a3 Rad8
17.Rad1 Rd7 18.Be2  1/2-1/2

[Event "EU-ch U18"]
[Site "Vejen"]
[Date "1993.??.??"]
[Round "2"]
[White "Petrov, Jole"]
[Black "Aleksandrov, Aleksej"]
[Result "0-1"]
[WhiteElo "2360"]
[BlackElo "2530"]

1.Nf3 d5 2.c4 e6 3.g3 Nf6 4.Bg2 Be7 5.O-O O-O 6.d4 c6 7.b3 b6 8.Bb2 a5 9.Nbd2 Nbd7
10.Ne5 Nxe5 11.dxe5 Nd7 12.cxd5 cxd5 13.e4 Nc5 14.exd5 exd5 15.Nc4 dxc4 16.Bxa8 cxb3
17.axb3 Be6 18.Bg2 Nxb3 19.Qxd8 Rxd8 20.Rad1 Nd2 21.Rfe1 Bb4 22.Re3 Bg4 23.Rc1 Bc5
24.Rec3 Bd4 25.R3c2 Nb3 26.Re1 Bc5 27.Bc3 a4 28.Bc6 a3 29.Ba4 Be6 30.Rb1 Nd4
31.Bxd4 Rxd4 32.Rxc5 a2 33.Rc8+ Bxc8 34.Rc1 Be6 35.Bb3 Rd8 36.Bxe6 fxe6 37.Ra1 Rd2  0-1

[Event "EU-ch U18"]
[Site "Vejen"]
[Date "1993.??.??"]
[Round "2"]
[White "Oms Pallise, Josep"]
[Black "Masserey, Yvan"]
[Result "0-1"]
[WhiteElo "2150"]
[BlackElo "2320"]

1.Nf3 d5 2.c4 d4 3.g3 g6 4.Bg2 Bg7 5.O-O e5 6.d3 Ne7 7.Na3 O-O 8.Nc2 a5 9.Rb1 h6
10.b3 Nbc6 11.a3 Rb8 12.Bd2 b5 13.cxb5 Rxb5 14.a4 Rb8 15.b4 axb4 16.Nxb4 Be6
17.Ng5 Rxb4 18.Bxb4 hxg5 19.Bxc6 Nxc6 20.Bxf8 Bxf8 21.Qd2 Bh3 22.Rfc1 Qd5
23.f3 g4 24.Rb5 Qe6 25.Qc2 Nb4 26.Qc4 Qf6 27.f4 exf4 28.Rxb4 Bxb4 29.Qxb4 Qe5
30.Qd2 Qd5 31.e4 dxe3 32.Qe2 g5 33.Re1 Qd4 34.a5 Qa4 35.Rb1 Qxa5 36.Rb8+ Kh7
37.Rb1 Qd5 38.Rc1 Qd4 39.Re1 Kg7 40.Kh1 f3  0-1

[Event "EU-ch U18"]
[Site "Vejen"]
[Date "1993.??.??"]
[Round "6"]
[White "Izsak, Gyula"]
[Black "Aleksandrov, Aleksej"]
[Result "0-1"]
[WhiteElo "2385"]
[BlackElo "2530"]

1.Nf3 d5 2.c4 e6 3.cxd5 exd5 4.d4 c6 5.Nc3 Bf5 6.Qb3 Qb6 7.Qd1 Nf6 8.e3 Bd6
9.Bd3 Bxd3 10.Qxd3 O-O 11.O-O Nbd7 12.Rb1 a5 13.b3 Rfe8 14.Nd2 Re6 15.g3 Rae8
16.Re1 h5 17.Nf1 h4 18.Bd2 Ne4 19.Nxe4 dxe4 20.Qc3 Bb4 21.Qc4 Nf6 22.Bxb4 axb4
23.Qc5 Qxc5 24.dxc5 Ra8 25.Re2 Ra5 26.Rc1 Nd7 27.gxh4 Nxc5 28.Ng3 Nd3 29.Rc4 f5
30.Rd4 Ne5 31.Rd8+ Kh7 32.h5 Nf3+ 33.Kg2 Rc5 34.Rd7 Rf6 35.Rxb7 Rc1 36.Rxb4 g5
37.Nf1 Rd6 38.Rd4 Nxd4 39.exd4 Rxd4 40.Ng3 Rc5 41.h3 Kg7 42.a4 Kf6  0-1

[Event "EU-ch U18"]
[Site "Vejen"]
[Date "1993.??.??"]
[Round "9"]
[White "Aagaard, Jacob"]
[Black "Liiva, Riho"]
[Result "0-1"]
[WhiteElo "2255"]
[BlackElo "2360"]

1.Nf3 d5 2.c4 c6 3.e3 Nf6 4.b3 Bf5 5.Be2 Nbd7 6.Nh4 Bg6 7.O-O e6 8.Bb2 Bd6
9.d3 Qe7 10.Nc3 O-O-O 11.d4 Ne4 12.Nf3 Bc7 13.Rc1 Nxc3 14.Rxc3 Be4 15.c5 g5
16.b4 g4 17.Nd2 Bxh2+ 18.Kxh2 Qh4+ 19.Kg1 Bxg2 20.f4 Qh1+ 21.Kf2 g3+ 22.Ke1 Bxf1
23.Nxf1 g2 24.b5 cxb5 25.c6 Nb6 26.Qb3 a6 27.Qa3 Qh4+ 28.Kd1 Nc4 29.Qc5 b6
30.Qb4 Qf2 31.Nd2 g1=Q+ 32.Kc2 Qxe2 33.Rxc4 Qgd1+  0-1

[Event "EU-ch U18"]
[Site "Vejen"]
[Date "1993.??.??"]
[Round "10"]
[White "Papaioannou, Ioannis"]
[Black "Aleksandrov, Aleksej"]
[Result "0-1"]
[WhiteElo "2385"]
[BlackElo "2530"]

1.Nf3 d5 2.c4 e6 3.g3 g6 4.Bg2 Bg7 5.O-O Ne7 6.d4 O-O 7.cxd5 exd5 8.Nc3 Nbc6
9.Bg5 Be6 10.Qd2 Re8 11.Na4 Qc8 12.Bxe7 Nxe7 13.Rac1 c6 14.Nc5 Nf5 15.Qd3 Nd6
16.Nxe6 Qxe6 17.e3 a5 18.Nd2 a4 19.a3 Qd7 20.Rfe1 b5 21.Qc2 Rec8 22.Rcd1 Qa7
23.Nb1 Qa5 24.Nc3 Nc4 25.Na2 Re8 26.Re2 Re6 27.e4 dxe4 28.Rxe4 Rxe4 29.Bxe4 Rd8
30.Nb4 Bxd4 31.Bxc6 Qb6 32.Nd5 Qc5 33.Qe4 Bxf2+ 34.Kh1 Kg7 35.Nc3 Rxd1+ 36.Nxd1 Bd4
37.Bxb5 Nd6 38.Qc6 Nxb5 39.Qd7 Nd6  0-1

[Event "Women-Veterans"]
[Site "Vienna"]
[Date "1993.??.??"]
[Round "?"]
[White "Ivkov, Borislav"]
[Black "Polgar, Zsuzsa"]
[Result "1/2-1/2"]
[WhiteElo "2505"]
[BlackElo "2560"]

1.Nf3 d5 2.c4 e6 3.d4 Nf6 4.Nc3 c6 5.cxd5 exd5 6.Bg5 Be7 7.e3 Bf5 8.Bd3 Bxd3
9.Qxd3 Nbd7 10.O-O O-O 11.Rab1 a5 12.a3 Re8 13.Qc2 Nb6 14.Nd2 Nfd7 15.Bxe7 Qxe7
16.Na4 Nxa4 17.Qxa4 Qd6 18.Rfc1 Re6 19.Qc2 a4 20.Qd3 b5 21.e4 dxe4 22.Nxe4 Qf4
23.Nc3 Nf6 24.Re1 Rd6 25.Ne4 Nxe4 26.Rxe4 Qf6 27.Rbe1 g6 28.Qd2 Rad8 29.Qh6 Re6
30.Rxe6 fxe6 31.Qe3 Rxd4 32.h3 Rd6 33.Re2 Rd4 34.g3 Rd6 35.Kg2 g5 36.Qc5 Qd8
37.Re4 h6 38.h4 Kf7 39.hxg5 hxg5 40.Rg4 Rd2 41.Qxc6 Rxb2 42.Qb7+ Ke8 43.Re4 Qf6
44.Qc8+ Kf7 45.Qd7+ Qe7 46.Qd1 Qf6 47.Qd7+ Qe7  1/2-1/2

[Event "Vinkovci"]
[Site "Vinkovci"]
[Date "1993.??.??"]
[Round "1"]
[White "Sulava, Nenad"]
[Black "Palac, Mladen"]
[Result "0-1"]
[WhiteElo "2430"]
[BlackElo "2485"]

1.Nf3 d5 2.c4 c6 3.d4 Nf6 4.Nc3 dxc4 5.Ne5 b5 6.g3 Nfd7 7.Bf4 Nxe5 8.Bxe5 Nd7
9.Bg2 Nxe5 10.dxe5 Qb6 11.a4 b4 12.a5 Qc5 13.Ne4 Qxe5 14.Qd2 Bf5 15.Rd1 Rc8
16.O-O g6 17.Qxb4 Bg7 18.Qxc4 Qxa5 19.b4 Qb5 20.Rc1 O-O 21.Rc2 Rfd8 22.Rfc1 Qe5
23.e3 Rb8 24.h3 Rb6 25.g4 Be6 26.Qc5 Bd5 27.f4 Qb8 28.Qxe7 Re8 29.Nf6+ Bxf6
30.Qxf6 Bxg2 31.Kxg2 c5 32.Qg5 cxb4 33.f5 b3 34.Rb2 Qe5 35.Rcb1 Qxe3 36.Qh4 a5
37.fxg6 hxg6  0-1

[Event "Warsaw op"]
[Site "Warsaw"]
[Date "1993.??.??"]
[Round "4"]
[White "Adamski, Jan"]
[Black "Gawronski, Miroslaw"]
[Result "1-0"]
[WhiteElo "2410"]
[BlackElo "2275"]

1.Nf3 d5 2.c4 d4 3.g3 c5 4.b4 f6 5.bxc5 e5 6.d3 Bxc5 7.Bg2 Nc6 8.O-O Nge7
9.Nbd2 O-O 10.Ne4 Bb6 11.Ba3 f5 12.Nd6 Rf6 13.c5 Bc7 14.Qb3+ Be6 15.Qxb7 Bd5
16.Nd2 Bxg2 17.Kxg2 Ba5 18.Qb3+ Kf8 19.Nf3 Rb8 20.Qc4 h6 21.Rab1 g5 22.Rb3 g4
23.Nh4 Bd2 24.e4 dxe3 25.fxe3 Bxe3 26.Nhxf5 Rxb3 27.Nxe3 Nd5 28.Nxd5 Rxf1
29.axb3 Rf3 30.Bc1 Nd4 31.Bxh6+ Kg8 32.Nf6+ Kh8 33.Nf7+  1-0

[Event "Warsaw op"]
[Site "Warsaw"]
[Date "1993.??.??"]
[Round "6"]
[White "Adamski, Jan"]
[Black "Barskij, Vladimir"]
[Result "1-0"]
[WhiteElo "2410"]
[BlackElo "2320"]

1.Nf3 d5 2.c4 e6 3.g3 Nf6 4.Bg2 c5 5.O-O dxc4 6.Na3 Nc6 7.Nxc4 Be7 8.b3 O-O
9.Bb2 Nd5 10.d4 cxd4 11.Nxd4 Nxd4 12.Qxd4 Bf6 13.Qd2 Bxb2 14.Qxb2 b5 15.Rfd1 bxc4
16.bxc4 Qb6 17.Qa3 Nc7 18.Rab1 Qa6 19.Qe7 Nd5 20.cxd5 Qxe2 21.dxe6 Qxe6 22.Qc7  1-0

[Event "Wattens op"]
[Site "Wattens"]
[Date "1993.??.??"]
[Round "?"]
[White "Embacher, Gregor"]
[Black "Laube, Stefan"]
[Result "1/2-1/2"]
[WhiteElo "1795"]
[BlackElo "2000"]

1.Nf3 d5 2.c4 c6 3.g3 Nf6 4.Bg2 g6 5.b3 Bg7 6.d4 O-O 7.O-O h6 8.Nc3 Be6 9.cxd5 cxd5
10.Bb2 Nbd7 11.e3 Rc8 12.Qe2 a6 13.Rac1 Bg4  1/2-1/2

[Event "Wattens op"]
[Site "Wattens"]
[Date "1993.??.??"]
[Round "?"]
[White "Erlacher, Herbert"]
[Black "Pichler, Gerhard"]
[Result "1-0"]
[WhiteElo "1790"]
[BlackElo "1730"]

1.Nf3 d5 2.c4 c6 3.g3 Bg4 4.Bg2 Nf6 5.cxd5 Bxf3 6.Bxf3 Nxd5 7.Qb3 Qd7 8.Nc3 e6
9.O-O Be7 10.e4 Nb6 11.Ne2 Bf6 12.d4 Bxd4 13.Nxd4 Qxd4 14.Be3 Qd8 15.Rfd1 Qc7
16.Bc5 Nc8 17.Rd2 b6 18.Bb4 a5 19.Ba3 b5 20.Bc5 Na6 21.Be3 O-O 22.Rad1 Nb6
23.Qc3 Na4 24.Qc1 Nb6 25.b3 f5 26.exf5 Nd5 27.Bxd5 cxd5 28.Qxc7 Nxc7 29.fxe6 Rfe8
30.Bb6 Nxe6 31.Rxd5 Reb8 32.Rd6 Ra6 33.Rxe6 Raxb6 34.Rd8+ Rxd8 35.Rxb6 Rd1+
36.Kg2 Rd2 37.a3 Ra2 38.Rxb5 Rxa3 39.Kh3 Ra1 40.Kg4 Rb1 41.f4 Kf7 42.h4 Kf6
43.h5 Rb2 44.Kf3 g6 45.hxg6 hxg6 46.Ke3 Rg2 47.Kf3 Rb2 48.g4 Rb1 49.Ke2 Rb2+
50.Kd3 Ra2 51.Rb6+ Kf7 52.g5 Rb2 53.Kc4 Rb1 54.Kc3 Rc1+ 55.Kb2 Rc5 56.Rf6+ Kg7
57.Ka3 Rc1 58.f5 gxf5 59.Rxf5 Kg6 60.Rxa5 Re1 61.Rc5 Ra1+ 62.Kb4 Rb1 63.Ka4 Rb2
64.b4 Rb1 65.Ka5 Ra1+ 66.Kb6 Re1 67.b5 Re8 68.Kb7 Re7+ 69.Ka6  1-0

[Event "Wattens op"]
[Site "Wattens"]
[Date "1993.??.??"]
[Round "?"]
[White "Embacher, Gregor"]
[Black "Fuchs, Georg"]
[Result "1/2-1/2"]
[WhiteElo "1795"]
[BlackElo "1965"]

1.Nf3 d5 2.c4 e6 3.g3 Nf6 4.Bg2 Bd6 5.b3 O-O 6.O-O c5 7.Bb2 Nc6 8.d3 e5 9.cxd5 Nxd5
10.Nbd2 h6 11.Ne4 Be6 12.Nxd6 Qxd6 13.Rc1 Nd4 14.Nxd4 cxd4 15.Qd2 b5 16.Qa5 a6
17.Ba3 Qd8 18.Qxd8 Rfxd8 19.Bxd5 Rxd5 20.Rc7 a5 21.Rc5 b4 22.Rxd5 Bxd5 23.Bb2 a4
24.f4 axb3 25.axb3 Ra2 26.Rb1 f6 27.Kf2 e4 28.Ke1 exd3 29.exd3 Bf3 30.Kd2 Kf7
31.Kc2 Ke6 32.Ra1 Rxa1 33.Bxa1 Kd5 34.Bb2 g5 35.Bc1 gxf4 36.Bxf4 h5 37.h4 f5  1/2-1/2

[Event "Werfen"]
[Site "Werfen"]
[Date "1993.??.??"]
[Round "2"]
[White "Sommerbauer, Norbert"]
[Black "Staller, Peter"]
[Result "1-0"]
[WhiteElo "2360"]
[BlackElo "2385"]

1.Nf3 d5 2.c4 c6 3.d4 e6 4.cxd5 exd5 5.Nc3 Nf6 6.Bg5 Be7 7.Qc2 Nbd7 8.e3 Nf8
9.Bd3 Ne6 10.Bh4 g6 11.O-O-O O-O 12.Kb1 Ng7 13.h3 Nfe8 14.Bxe7 Qxe7 15.g4 f5
16.Ne5 Nd6 17.f4 Be6 18.Ka1 Rac8 19.h4 fxg4 20.h5 c5 21.dxc5 Rxc5 22.Bxg6 hxg6
23.h6 Bf5 24.Nxg6 Bxg6 25.Qxg6 Nf5 26.Nxd5 Qe6 27.Nf6+  1-0

[Event "Werfen op"]
[Site "Werfen"]
[Date "1993.??.??"]
[Round "2"]
[White "Weiss, Christian"]
[Black "Korneev, Oleg"]
[Result "0-1"]
[WhiteElo "2225"]
[BlackElo "2475"]

1.Nf3 d5 2.c4 e6 3.g3 Nf6 4.Bg2 Be7 5.O-O O-O 6.b3 b6 7.Bb2 Bb7 8.Ne5 Nbd7
9.f4 Nxe5 10.fxe5 Nd7 11.Nc3 Nxe5 12.Nxd5 exd5 13.Bxe5 c5 14.e3 Qd7 15.Qf3 Rad8
16.a4 Ba8 17.cxd5 Bxd5 18.Qxd5 Qxd5 19.Bxd5 Rxd5 20.Bc3 Rfd8 21.Rf2 a6 22.Raf1 f6
23.d4 cxd4 24.exd4 Rc8 25.Bb2 Kf7 26.Re2 h5 27.Rf3 f5 28.Rfe3 Bf6 29.Re6 Rb8
30.Rc6 a5 31.Kg2 b5 32.axb5 Rbxb5 33.Rc3 Bxd4 34.Rc7+ Kg8 35.Bxd4 Rxd4 36.Ree7 Rg4
37.Rb7 Rxb7 38.Rxb7 h4 39.Rb8+ Kh7 40.Kf3 hxg3 41.hxg3 Rb4 42.Ra8 Rxb3+ 43.Kf4 Rb5
44.Kg5 f4+ 45.Kxf4 g5+ 46.Kg4 Kg6 47.Ra6+ Kf7 48.Kh5 Ke7 49.g4 Kd7 50.Rf6 Rc5
51.Rf7+ Kc6 52.Rf6+ Kb5 53.Rf1 a4 54.Rf8 Kb4 55.Rf2 a3 56.Rg2 Ra5 57.Rf2 Kc3  0-1

[Event "Werfen"]
[Site "Werfen"]
[Date "1993.??.??"]
[Round "3"]
[White "Neckar, Lubomir"]
[Black "Sommerbauer, Norbert"]
[Result "0-1"]
[WhiteElo "2360"]
[BlackElo "2335"]

1.Nf3 d5 2.c4 c6 3.g3 Nf6 4.Bg2 e6 5.b3 a5 6.Bb2 a4 7.bxa4 Nbd7 8.cxd5 exd5
9.Nc3 Bb4 10.O-O O-O 11.Nd4 Nc5 12.Rb1 Re8 13.Ba1 Bxc3 14.Bxc3 Nxa4 15.Ba1 Nc5
16.Qc2 Nce4 17.d3 Ng5 18.h4 Ne6 19.Nf5 Nf8 20.e4 Bxf5 21.exf5 Rb8 22.Bd4 Qe7
23.Qc3 N8d7 24.Ba7 Ra8 25.Rxb7 c5 26.d4 c4 27.g4 Qd6 28.Qg3 Qa6 29.Rfb1 Rxa7
30.Qc7 Rxb7 31.Rxb7 c3 32.Bxd5 Rf8 33.Bc4 Qa4 34.g5 Qd1+ 35.Kg2 Qg4+ 36.Kf1 Ne4
37.Qxd7 Nd2+ 38.Ke1 Qg1+ 39.Ke2 Qf1+ 40.Ke3 Nxc4+ 41.Kf3 Nd2+ 42.Ke3 Qh3+
43.Ke2 Qf3+ 44.Ke1 Ne4  0-1

[Event "Werfen"]
[Site "Werfen"]
[Date "1993.??.??"]
[Round "4"]
[White "Sommerbauer, Norbert"]
[Black "Wachinger, Guenther"]
[Result "1/2-1/2"]
[WhiteElo "2335"]
[BlackElo "2260"]

1.Nf3 d5 2.c4 c6 3.cxd5 cxd5 4.d4 Nf6 5.Nc3 Nc6 6.Bf4 a6 7.e3 Bg4 8.h3 Bxf3
9.Qxf3 e6 10.Bd3 Bd6 11.Bg5 Qb6 12.Qe2 Nd7 13.Bh4 O-O 14.O-O Rac8 15.f4 Be7  1/2-1/2

[Event "Werfen op"]
[Site "Werfen"]
[Date "1993.??.??"]
[Round "9"]
[White "Weiss, Christian"]
[Black "Koenig, Dietrich"]
[Result "1/2-1/2"]
[WhiteElo "2225"]
[BlackElo "2265"]

1.Nf3 d5 2.c4 d4 3.b4 c5 4.Bb2 Qc7 5.bxc5 e5 6.e3 dxe3 7.fxe3 e4 8.Nd4 Be7
9.g3 Nf6 10.Nc3 Qxc5 11.Qc2 Bf5 12.Nxf5 Qxf5 13.Bg2 Nbd7 14.Nxe4 Qa5 15.Nxf6+ Bxf6
16.Bxf6 Nxf6 17.Bxb7 Rd8 18.Bc6+ Kf8 19.Bf3 h5 20.Rb1 h4 21.Rb5 Qc7 22.g4 a6
23.Rf5 h3 24.g5 Ne8 25.Bd5 Nd6 26.Rf4 Qe7 27.Bxf7 Qxg5 28.Bd5+ Ke7 29.Rhf1 Rhf8
30.c5 Rxf4 31.cxd6+ Rxd6 32.Qc7+ Rd7 33.Qc5+ Rd6 34.Rxf4 Qxd5 35.Qxd5 Rxd5
36.Rh4 Ra5 37.a4 Kf6 38.Ke2 g5 39.Rxh3 Rxa4 40.Rh6+ Kf5 41.h3 Ra1 42.d4 a5
43.h4 g4 44.Rh5+ Kf6 45.Kf2 a4 46.Ra5 a3 47.Kg2 a2 48.e4 Rd1 49.Ra6+ Ke7
50.Rxa2 Rxd4 51.Re2 Rd3  1/2-1/2